Ο Κωνσταντίνος Οικονόμος ο εξ Οικονόμων και αι μεταφράσεις της Αγίας Γραφής εις την νεοελληνικήν

Αποθηκεύτηκε σε:
Λεπτομέρειες βιβλιογραφικής εγγραφής
Κύριος συγγραφέας: Σιώτης, Μάρκος Α.
Μορφή: Βιβλίο
Γλώσσα:Greek
Δημοσίευση: Θεσσαλονίκη : Αριστοτέλειο Πανεπιστήμιο Θεσσαλονίκης, 1959.
Θέματα:
Ετικέτες: Προσθήκη ετικέτας
Δεν υπάρχουν, Καταχωρήστε ετικέτα πρώτοι!

MARC

LEADER 00000cam a2200000 a 4500
001 1/122362
008 201201s1959####gr |||||||||||||| ||gre||
040 |a GR-MyUa  |b gre  |c GR-MyUa  |e AACR2 
041 0 |a gre 
082 7 |a 220.09  |2 (23) 
100 1 |a Σιώτης, Μάρκος Α. 
245 1 2 |a Ο Κωνσταντίνος Οικονόμος ο εξ Οικονόμων και αι μεταφράσεις της Αγίας Γραφής εις την νεοελληνικήν   |h [ανάτυπο] /   |c Μάρκου Σιώτου.  
260 |a Θεσσαλονίκη :   |b Αριστοτέλειο Πανεπιστήμιο Θεσσαλονίκης,   |c 1959.  
300 |a 55 σ. ;   |c 24 εκ.  
500 |a Ανάτυπον εκ της επιστημονικής επετηρίδος της Θεολογικής Σχολής του Αριστοτελείου Πανεπιστημίου Θεσσαλονίκης, τόμ Γ'.  
600 1 0 |a Οικονόμος ο εξ Οικονόμων, Κωνσταντίνος,   |d 1780-1857. 
650 0 |a Bible. Greek   |x Translating   |x History   |y 18th century. 
852 |a INST  |b LESVOS  |e 20201201  |h 220.09 ΣΙΩ  |p 005100062198  |q 005100062198  |t BK  |y 0 
920 |a Δωρεά Τμήματος Κοινωνικής Ανθρωπολογίας και Ιστορίας  |y Λέσβος  |z 2000-04 
970 |a Καμάτσου  |b Δέσποινα  |z 01-12-2020